000 00627nam a2200277Ia 4500
005 20260324140304.0
008 008 260324s9999 xx 000 0 eng d
020 _a9780429432811
037 _aEBOOK
040 _aCRL
040 _beng
040 _cCRL
041 _2eng
041 _aeng
084 _qCRL
100 _aAli Cem Budak
_91203824
245 0 _aMaking Foreign People Pay
260 _bTaylor and Francis
260 _c1999
365 _a
365 _b115
856 _uhttp://www.taylorfrancis.com/books/9780429432811
942 _cEBOOK
999 _c1805757
_d1805757